000
00312nam a22001337a 4500
008
170622b xxu||||| |||| 00| 0 eng d
020
_a
9780072868968
041
_a
eng
080
_2
9TH
_a
32
100
_a
20
101
_a
SHP
245
_a
AN INTRODUCTION TO POLITICAL SCIENCE
_c
SHIVELY, W.P
942
_2
udc
_c
BK
999
_c
18726
_d
18726